Managing public-access computers : (Record no. 19314)

000 -LEADER
fixed length control field 00580cam a2200169 a 4500
020 ## - INTERNATIONAL STANDARD BOOK NUMBER
ISBN 1555703615 (pbk. : alk. paper)
040 ## - CATALOGING SOURCE
Transcribing agency DLC
082 00 - DEWEY DECIMAL CLASSIFICATION NUMBER
Classification number 025 MOL 2000 C165 Or.
100 1# - MAIN ENTRY--AUTHOR NAME
Personal name Barclay, Donald A.
245 10 - TITLE STATEMENT
Title Managing public-access computers :
Remainder of title a how-to-do-it manual for librarians /
260 ## - PUBLICATION, DISTRIBUTION, ETC. (IMPRINT)
Place of publication New York :
Name of publisher Neal-Schuman Publishers,
Year of publication c2000.
300 ## - PHYSICAL DESCRIPTION
Number of Pages xv, 223 p. ;
Dimensions 28 cm.
490 1# - SERIES STATEMENT
Series statement How-to-do-it manuals for librarians ;
650 #0 - SUBJECT ADDED ENTRY--TOPICAL TERM
Topical Term Public access computers in libraries
856 40 - ELECTRONIC LOCATION AND ACCESS
Uniform Resource Identifier https://archive.org/details/managingpublicac00barc
942 ## - ADDED ENTRY ELEMENTS (KOHA)
Koha item type ADB
952 ## - LOCATION AND ITEM INFORMATION (KOHA)
Withdrawn status [LOCAL, KOHA] 0
Holdings
Source of acquisition Permanent Location Date acquired Koha item type Lost status Shelving location Current Location Full call number
A38743Library Block C2020-09-22សៀវភៅភាសាខ្មែរ C165Library Block C025 MOL 2000 C165 Or.
មជ្ឈមណ្ឌលឯការនៃសាកលវិទ្យាល័យភូមិន្ទកសិកម្មចំការដូង

Powered by Koha